000 02824nam a22002777a 4500
999 _c60346
_d60346
003 Ge_BSU
005 20230630171430.0
008 230630s1963 ge ||||| |||| 00| 0 geo d
041 _ageo
080 _a94(479.22)(093) გ-34
245 _aგეორგიკა :
_bბიზანტიელი მწერლების ცნობები საქართველოს შესახებ. ტ. 5 /
_cტექსტები ქართული თარგმანითურთ გამოსცა და განმარტებები დაურთო სიმონ ყაუხჩიშვილმა; მთ. რედაქტორი გ. წერეთელი; რედ. ი. აბულაძე, ვლ. ფუთურიძე და სხვ.; საქ. სსრ მეცნიერებათა აკადემია, საქ. შესახებ არსებული უცხოური წყაროების კომისია, ივ. ჯავახიშვილის სახ. ისტორიის ინსტიტუტი.
264 _aთბილისი :
_b საქ. სსრ მეცნიერებათა აკადემიის გამ-ბა,
_c1963.
300 _a332 გვ. :
_b 6 ფ. ტაბ.
_c22 სმ.
490 _aუცხოური წყაროები საქართველოს შესახებ ; 12
500 _aდამატებითი სატიტულო გვერდი რუს. და ბერძნ. ენებზე.
501 _aსაკუთარ სახელთა საძიებელი: გვ. 318-330.
504 _aბიბლიოგრ. ტექსტის შენიშვნებში
653 _aსაქართველოს ისტორიის ბიზანტიური წყაროები
653 _aგეორგიკა
700 _aყაუხჩიშვილი, სიმონ
_eმთარგმნელი, წინასიტყვაობის ავტორი
_91490
700 _aწერეთელი, გ.,
_919123
_eმთ. რედაქტორი
700 _aაბულაძე, ი.
_eრედაქტორი
_919125
700 _aფუთურიძე, ვლ.
_eრედაქტორი
_919126
710 _aსაქართველოს სსრ მეცნიერებათა აკადემია.
_b საქართველოს შესახებ არსებული უცხოური წყაროების კომისია. ივ. ჯავახიშვილის სახ. ისტორიის ინსტიტუტი.
_919121
942 _2udc
_cBK